|
|
|
|
| LEADER |
00000nam0a2200000 4500 |
| 001 |
342426 |
| 005 |
20231102005442.0 |
| 010 |
|
|
|a 9785922118255
|
| 035 |
|
|
|a (RuTPU)RU\TPU\book\371424
|
| 090 |
|
|
|a 342426
|
| 100 |
|
|
|a 20190222d2018 k y0rusy50 ca
|
| 101 |
0 |
|
|a rus
|
| 102 |
|
|
|a RU
|
| 105 |
|
|
|a a z 001zy
|
| 200 |
1 |
|
|a Материалы современной электроники и спинтроники
|e [монография]
|f В. А. Стародуб [и др.]
|
| 210 |
|
|
|a Москва
|c Физматлит
|d 2018
|
| 215 |
|
|
|a 424 с.
|c ил.
|
| 320 |
|
|
|a Библиография в конце глав
|
| 330 |
|
|
|a Монография посвящена возникшему в конце 60-х — начале 70-х гг. XX в. направлению физики и химии твердого тела — физикохимии низкоразмерных проводящих твердых тел, достигшей к настоящему времени высокого уровня развития, что позволяет широко использовать подобные объекты в микро-и наноэлектронике и спинтронике. Обсуждаются материалы современной электроники и спинтроники — неорганические и комплексные соединения (комплексы Малатесты-Канзиани, соли Крогманна, олефиндитиолатные комплексы, в том числе комплексы dmit), органические соединения (комплексы с переносом заряда, ион-радикальные соли), органические и неорганические полимеры. Монография обобщает полученные к настоящему времени данные, представляющие значительный интерес с точки зрения теории твердого тела. Книга предназначена студентам, аспирантам и специалистам соответствующего профиля.
|
| 606 |
1 |
|
|a Электронное материаловедение
|2 stltpush
|3 (RuTPU)RU\TPU\subj\20416
|9 45522
|
| 610 |
1 |
|
|a спинтроника
|
| 610 |
1 |
|
|a синтетические металлы
|
| 610 |
1 |
|
|a органические металлы
|
| 610 |
1 |
|
|a сверхпроводники
|
| 610 |
1 |
|
|a комплексы с переносом заряда
|
| 610 |
1 |
|
|a сильные акцепторы
|
| 610 |
1 |
|
|a химическая реакционная способность
|
| 610 |
1 |
|
|a проводники
|
| 610 |
1 |
|
|a магнетики
|
| 610 |
1 |
|
|a монографии
|
| 675 |
|
|
|a 621.38.002.3
|v 4
|
| 701 |
|
1 |
|a Стародуб
|b В. А.
|g Владимир Александрович
|
| 701 |
|
1 |
|a Стародуб
|b Т. Н.
|g Татьяна Николаевна
|
| 701 |
|
1 |
|a Кажева
|b О. Н.
|g Ольга Николаевна
|
| 701 |
|
1 |
|a Брегадзе
|b В. И.
|g Владимир Иосифович
|
| 801 |
|
1 |
|a RU
|b 63413507
|c 20190222
|
| 801 |
|
2 |
|a RU
|b 63413507
|c 20190318
|g RCR
|
| 942 |
|
|
|c BK
|